000 01323nam a2200241Ia 4500
999 _c53306
_d53306
001 20347
003 GE_BSU
005 20200927222245.0
008 181216s1954||||ge |||||||||||||| ||geo||
040 _cGE_BSU
041 _ageo
080 _a811.353.1(072) + 821.353.1 ქ-27
245 _aქართული ენისა და ლიტერატურის სწავლების საკითხები სკოლაში :
_b[კრებული] 6 /
_cრედ. ვ. მახარაძე.
260 _aთბილისი
260 _bინსტიტუტის გამომცემლობა
260 _c1954
300 _a307 გვ;21სმ.
541 _h1ლ.38თ.
653 _a- ქართული ენის სწავლების მეთოდიკა; ქართული ლიტერატურის სწავლების მეთოდიკა;
700 _aმახარაძე, ვ.
_eრედაქტორი
_99411
710 _aსაქართველოს სსრ განათლების სამინისტროს პედაგოგიურ მეცნიერება სამეცნიერო საკვლევი ინსტიტუტი
_99556
942 _cBK
_2udc